El carnaval en el folklore calchaquí
Đã lưu trong:
| Tác giả chính: | |
|---|---|
| Định dạng: | Sách |
| Ngôn ngữ: | Tiếng Tây Ban Nha |
| Được phát hành: |
Salta
Del Robledal
2008
|
| Những chủ đề: | |
| Các nhãn: |
Thêm thẻ
Không có thẻ, Là người đầu tiên thẻ bản ghi này!
|
MARC
| LEADER | 00000nam a2200000 a 4500 | ||
|---|---|---|---|
| 001 | UCH3534 | ||
| 003 | CL-VaPUC | ||
| 008 | 090806e20080000AG |||||||||||||||||spa|d | ||
| 020 | |a 9789879364291 | ||
| 082 | 0 | 4 | |a 982.42 |b COR |2 21 |
| 100 | 0 | |a Cortázar, Augusto Raúl |e author |9 538845 | |
| 245 | 1 | 3 | |a El carnaval en el folklore calchaquí |
| 300 | |a 302 p | ||
| 942 | |c BK | ||
| 945 | |d 20090806 00:00:00 |a dcastane | ||
| 260 | |a Salta |b Del Robledal |c 2008 | ||
| 650 | 0 | |a Historia regional |9 538846 | |
| 650 | 0 | |a Folklore argentino |9 409939 | |
| 651 | 0 | |a América del Sur |9 260128 | |
| 651 | 0 | |a Argentina |9 254888 | |
| 583 | |a last modification |c 20090806 00:00:00 |k Rodrigo Vera | ||
| 999 | |c 335021 |d 335019 | ||
| 952 | |0 0 |1 0 |4 0 |6 982_420000000000000_COR_2008 |7 0 |8 X |9 424522 |a FDOMLP |b FDOMLP |d 2019-11-22 |i 4581792 |o 982.42 COR 2008 |p 4581792 |r 2019-11-22 |w 2019-11-22 |y BK_X |k BU2 | ||